00441nam a2200169Ia 4500008004100000020001500041050000900056050001600065100001900081245001700100260002400117260002900141260000900170440006600179650001300245650001300258170203s9999 xx 000 0 und d a9713620577 aFic  b.C987f 2006 aCustodio, R.M. aFish Story / aManila, Philippines bS.G.E. Publishing, Inc., c2006 aThe day I Encounted A Monstrous Giant Fish Who Hated my Jokes aFishes-- xFiction.